000 00410nam a2200181Ia 4500
001 15508
005 20260306170201.0
008 260306t2003||||xx |||||||||||||| ||und||
041 _aESP
082 _a541.369
_bC46
100 _aCengel, Yunus A.
_eAUT
245 0 _aTermodinámica
260 _c2003
300 _a827 páginas :
_c28 cm.
650 _aGEN
654 _aCCN
942 _cLIB
_dJUS
_fJUS
_2ddc
_n
999 _c15508
_d15508